Tennis masculin - Finales de Wimbledon - Statistiques

Statistiques générales
  • Ce quiz a été pris 4 463 fois
    1 013 depuis la dernière actualisation
  • Le résultat moyen est 20 sur 44
Statistiques - réponses
Nombre de titres Joueur % Correct
3 Carlos Alcaraz
99%
1 Jannik Sinner
99%
10 Novak Djokovic
99%
12 Roger Federer
99%
5 Rafael Nadal
98%
3 Andy Murray
91%
7 Pete Sampras
78%
2 Andre Agassi
75%
6 Björn Borg
74%
5 John McEnroe
70%
3 Andy Roddick
60%
1 Marin Čilić
60%
1 Nicholas Kyrgios
60%
2 Ivan Lendl
59%
7 Boris Becker
53%
2 Rod Laver
53%
1 Lleyton Hewitt
52%
6 Jimmy Connors
49%
3 Stefan Edberg
48%
1 Matteo Berrettini
45%
4 Goran Ivanišević
43%
1 Kevin Anderson
42%
1 Jim Courier
40%
1 Milos Raonic
39%
2 Ilie Năstase
36%
2 Patrick Rafter
36%
1 Tomáš Berdych
36%
1 Arthur Ashe
35%
3 John Newcombe
31%
2 Ken Rosewall
27%
1 Mark Philippoussis
26%
2 Stan Smith
26%
1 Cédric Pioline
25%
1 Pat Cash
25%
1 Michael Stich
23%
1 David Nalbandian
22%
1 Richard Krajicek
22%
1 Jan Kodeš
16%
1 Roscoe Tanner
11%
1 MaliVai Washington
8%
1 Kevin Curren
7%
1 Tony Roche
7%
1 Chris Lewis
4%
1 Alex Metreveli
3%
Aucun quiz correspondant
Distribution des résultats
% des personnes avec chaque résultat
Percentile par nombre de réponses
Votre historique - résultats
Vous n’avez pas pris ce quiz depuis la dernière actualisation